| 000 | 00409nam a2200169Ia 4500 | ||
|---|---|---|---|
| 001 | 14971 | ||
| 003 | IN-NITTTR | ||
| 005 | 20251114233141.0 | ||
| 008 | 251113s9999||||xx |||||||||||||| ||eng|| | ||
| 040 | _beng | ||
| 040 | _cIN-NITTTR | ||
| 041 | _aeng | ||
| 082 | _a720.3 D547 | ||
| 100 | _aHarris, Cyril M. | ||
| 245 | 0 |
_aDictionary of architecture and construction. / _cHarris, Cyril M. |
|
| 942 |
_2ddc _cBK |
||
| 999 |
_c17606 _d17606 |
||